[Event "TUR-chT"]
[Site "Konya"]
[Date "2019.07.24"]
[Round "8.3"]
[White "Keler, Faruk"]
[Black "Kitir, Ahmet"]
[Result "1-0"]
[WhiteElo "2263"]
[BlackElo "2012"]
[PlyCount "69"]
[EventDate "2019.07.17"]
[EventType "team-tourn"]
[EventRounds "13"]
[EventCountry "TUR"]
[SourceTitle "CBM 191 Extra"]
[Source "ChessBase"]
[SourceDate "2019.09.30"]
[SourceVersion "1"]
[SourceVersionDate "2019.09.30"]
[SourceQuality "1"]
[WhiteTeam "Rota Koleji Dernegi"]
[BlackTeam "Darassufaka Spor"]
[WhiteTeamCountry "TUR"]
[BlackTeamCountry "TUR"]

1. Nf3 f5 2. d3 e6 3. e4 fxe4 4. dxe4 Nc6 5. Bd3 b6 6. 0-0 Bb7 7. e5 Nb4 8. Be2 Qe7 9. c3 Nc6 10. b4 g6 11. b5 Nd8 12. a4 Qg7 13. a5 Nf7 14. Be3 Ne7 15. Nbd2 Nd5 16. Bd4 Nf4 17. axb6 axb6 18. Rxa8+ Bxa8 19. Bc4 Be7 20. Re1 g5 21. Ne4 g4 22. Nfd2 h5 23. Qa4 0-0 24. Qa7 Ng5 25. Bf1 Nxe4 26. Nxe4 Qg6 27. Nf6+ Bxf6 28. exf6 Nh3+ 29. Kh1 Qc2 30. Qxc7 Nxf2+ 31. Kg1 Ne4 32. Qxd7 Rxf6 33. Qe8+ Kh7 34. Qxa8 Ng5 35. Bxf6 1-0

[Event "TUR-chT"]
[Site "Konya"]
[Date "2019.07.21"]
[Round "5.4"]
[White "Kitir, Ahmet"]
[Black "Apaydin, Fethi"]
[Result "1/2-1/2"]
[WhiteElo "2012"]
[BlackElo "2310"]
[PlyCount "161"]
[EventDate "2019.07.17"]
[EventType "team-tourn"]
[EventRounds "13"]
[EventCountry "TUR"]
[SourceTitle "CBM 191 Extra"]
[Source "ChessBase"]
[SourceDate "2019.09.30"]
[SourceVersion "1"]
[SourceVersionDate "2019.09.30"]
[SourceQuality "1"]
[WhiteTeam "Darassufaka Spor"]
[BlackTeam "Besiktas Jimnastik"]
[WhiteTeamCountry "TUR"]
[BlackTeamCountry "TUR"]

1. e4 c5 2. Nf3 d6 3. b3 Nf6 4. e5 dxe5 5. Nxe5 Qd4 6. Bb5+ Nbd7 7. Bb2 Qe4+ 8. Kf1 a6 9. Bd3 Qh4 10. Qf3 Nxe5 11. Bxe5 Qg4 12. Be2 Qf5 13. Qxf5 Bxf5 14. d3 0-0-0 15. Nd2 Nd7 16. Bc3 e6 17. a4 f6 18. Nc4 Kc7 19. Bf3 b6 20. Re1 h5 21. Be4 Bxe4 22. Rxe4 e5 23. f4 exf4 24. Re6 h4 25. h3 Rh5 26. Kf2 Rd5 27. Rhe1 Bd6 28. Bd2 Nf8 29. Re8 Rxe8 30. Rxe8 Nd7 31. Nxd6 Kxd6 32. Bxf4+ Ne5 33. a5 bxa5 34. Ra8 Kc6 35. Rxa6+ Kb5 36. Ra7 Rd7 37. Ra8 Nc6 38. Bd2 Kb6 39. Rh8 Nd4 40. Rb8+ Kc6 41. Rc8+ Kb6 42. Rb8+ Ka7 43. Rc8 Rd5 44. Rc7+ Kb6 45. Rxg7 Nxc2 46. Bc3 Rxd3 47. Bxf6 Rxb3 48. Bxh4 a4 49. Bd8+ Kc6 50. Ra7 a3 51. h4 Nd4 52. Bf6 Nb5 53. Ra8 Kb7 54. Ra5 Nd6 55. Be5 Ne4+ 56. Ke2 Kc6 57. g4 Kd5 58. Bg7 Ng3+ 59. Kd2 Rb4 60. Rxa3 Rxg4 61. Bf8 Ne4+ 62. Ke2 c4 63. h5 Kd4 64. h6 Rg2+ 65. Ke1 c3 66. h7 Rg1+ 67. Ke2 Ng3+ 68. Kf2 Rf1+ 69. Kxg3 Rxf8 70. Ra7 c2 71. Rc7 Kd3 72. Rd7+ Ke2 73. Re7+ Kd1 74. Rd7+ Kc1 75. Kg4 Rb8 76. Kg5 Kb1 77. Rc7 Rh8 78. Kg6 c1Q 79. Rxc1+ Kxc1 80. Kg7 Rxh7+ 81. Kxh7 1/2-1/2

[Event "TUR-chT"]
[Site "Ankara"]
[Date "2018.08.03"]
[Round "11.5"]
[White "Kitir, Ahmet"]
[Black "Dastan, Batuhan Muhammed"]
[Result "0-1"]
[WhiteElo "2020"]
[BlackElo "2552"]
[PlyCount "116"]
[EventDate "2018.07.25"]
[EventType "team-tourn"]
[EventRounds "13"]
[EventCountry "TUR"]
[SourceTitle "CBM 185 Extra"]
[Source "ChessBase"]
[SourceDate "2018.07.29"]
[SourceVersion "1"]
[SourceVersionDate "2018.07.29"]
[SourceQuality "1"]
[WhiteTeam "Darassufaka Spor"]
[BlackTeam "Turk Hava Yollari"]
[WhiteTeamCountry "TUR"]
[BlackTeamCountry "TUR"]

1. e4 c5 2. Nf3 d6 3. c3 Nf6 4. Be2 g6 5. 0-0 Bg7 6. Re1 0-0 7. Bf1 Nc6 8. h3 e5 9. d4 cxd4 10. cxd4 exd4 11. Nxd4 Nxd4 12. Qxd4 Re8 13. Bg5 h6 14. Bxf6 Bxf6 15. Qd2 d5 16. Nc3 dxe4 17. Qxd8 Rxd8 18. Rxe4 Bf5 19. Re2 Rac8 20. g4 Be6 21. Ne4 Bg7 22. Bg2 b6 23. Bf3 Rd4 24. a3 Rd3 25. Kg2 Bd5 26. g5 Kf8 27. h4 hxg5 28. hxg5 Rc5 29. Rae1 Bd4 30. a4 Kg7 31. b4 Rcc3 32. Bg4 Rc4 33. f3 Rxb4 34. Bd7 Bc3 35. Bb5 Bxe4 36. Rxe4 Rxb5 37. axb5 Bxe1 38. Rxe1 Rd5 39. Re7 Rxb5 40. Rxa7 Rxg5+ 41. Kf2 Rf5 42. Rb7 b5 43. Rb6 Kh6 44. Ke3 Kg5 45. Rb7 Kf6 46. Rd7 Ke6 47. Rd8 Rd5 48. Rb8 Kd6 49. Ke4 Re5+ 50. Kd4 Rf5 51. Ke4 Kc5 52. Rc8+ Kb4 53. Rd8 Kb3 54. Rd3+ Ka4 55. Kd4 b4 56. Re3 Rb5 57. Re7 Rf5 58. Re3 b3 0-1

[Event "Fuengirola Uni rapid op"]
[Site "Fuengirola"]
[Date "2017.09.21"]
[Round "3"]
[White "Lysyj, Igor"]
[Black "Kitir, Ahmet"]
[Result "1-0"]
[WhiteElo "2618"]
[BlackElo "2057"]
[PlyCount "135"]
[EventDate "2017.09.21"]
[EventType "swiss (rapid)"]
[EventRounds "9"]
[EventCountry "ESP"]
[SourceTitle "CBM 180 Extra"]
[Source "ChessBase"]
[SourceDate "2017.10.06"]
[SourceVersion "1"]
[SourceVersionDate "2017.10.06"]
[SourceQuality "1"]

1. d4 d6 2. Nf3 Bg4 3. c4 Nd7 4. Nc3 Ngf6 5. e3 e5 6. h3 Bh5 7. g4 Bg6 8. Nh4 Ne4 9. Nxg6 Nxc3 10. bxc3 hxg6 11. Bg2 c6 12. Rb1 Nb6 13. Qb3 Be7 14. 0-0 0-0 15. a4 Rb8 16. c5 dxc5 17. dxe5 c4 18. Qa2 Qd3 19. Ba3 Rfe8 20. Bd6 Bxd6 21. exd6 Qxc3 22. a5 Nd5 23. Rfc1 Qe5 24. Qxc4 Qxd6 25. Qd4 Qf6 26. Qxf6 Nxf6 27. a6 bxa6 28. Rxb8 Rxb8 29. Rxc6 Rb1+ 30. Kh2 Ra1 31. Rc8+ Kh7 32. Rc7 g5 33. Rxf7 a5 34. Rxa7 a4 35. Kg3 a3 36. Bf3 a2 37. Kg2 Kg6 38. Ra6 Kf7 39. Be2 Ne4 40. Bc4+ Ke7 41. Rxa2 Rxa2 42. Bxa2 Kf6 43. Bd5 Nd6 44. Kg3 Nb5 45. h4 gxh4+ 46. Kxh4 g5+ 47. Kg3 Nc3 48. Bb7 Ne2+ 49. Kg2 Ke5 50. Ba6 Nc3 51. Bd3 Nd5 52. Kg3 Kf6 53. Bc4 Nb6 54. Bb3 Nd7 55. f4 Nc5 56. Bc2 Ne6 57. Bb1 Nc5 58. Kf3 Nb3 59. Bc2 Nd2+ 60. Ke2 Nc4 61. Kd3 Nd6 62. Ba4 Nf7 63. Kd4 Nd6 64. e4 Nc8 65. e5+ Kg6 66. f5+ Kf7 67. Bb3+ Kf8 68. Ke4 1-0

[Event "Istanbul op"]
[Site "Istanbul"]
[Date "2017.09.15"]
[Round "6"]
[White "Citak, Selim"]
[Black "Kitir, Ahmet"]
[Result "0-1"]
[WhiteElo "2318"]
[BlackElo "2057"]
[PlyCount "58"]
[EventDate "2017.09.11"]
[EventType "swiss"]
[EventRounds "9"]
[EventCountry "TUR"]
[SourceTitle "CBM 180 Extra"]
[Source "ChessBase"]
[SourceDate "2017.10.06"]
[SourceVersion "1"]
[SourceVersionDate "2017.10.06"]
[SourceQuality "1"]

1. d4 d6 2. c4 e5 3. Nf3 e4 4. Ng5 f5 5. Nc3 Be7 6. Nh3 Nf6 7. e3 c6 8. Be2 0-0 9. Nf4 Na6 10. h4 Nc7 11. Qb3 Rb8 12. d5 Nd7 13. h5 Nc5 14. Qc2 a5 15. b3 Bf6 16. Bb2 Be5 17. 0-0-0 N7a6 18. Kb1 Nb4 19. Qd2 Qf6 20. Rdg1 Ra8 21. g4 fxg4 22. Bxg4 a4 23. Bxc8 Rfxc8 24. h6 g6 25. Nh5 Qe7 26. Nd1 axb3 27. Qxb4 bxa2+ 28. Ka1 Ra4 29. Qb6 Ra3 0-1

[Event "Sant Adria de Besos op 1st"]
[Site "Sant Adria de Besos"]
[Date "2017.08.14"]
[Round "5"]
[White "Pekin, Tolgay"]
[Black "Kitir, Ahmet"]
[Result "0-1"]
[WhiteElo "1954"]
[BlackElo "2037"]
[PlyCount "56"]
[EventDate "2017.08.11"]
[EventType "swiss"]
[EventRounds "9"]
[EventCountry "ESP"]
[SourceTitle "EXT 2019"]
[Source "ChessBase"]
[SourceDate "2018.10.10"]
[SourceVersion "1"]
[SourceVersionDate "2018.10.10"]
[SourceQuality "1"]

1. e4 e6 2. d4 d5 3. Nd2 Be7 4. Ngf3 Nf6 5. e5 Nfd7 6. c3 c5 7. Bd3 Nc6 8. 0-0 g5 9. dxc5 g4 10. Nd4 Ndxe5 11. Bb5 Bd7 12. N2b3 h5 13. Re1 Rg8 14. Bxc6 Nxc6 15. Bf4 Nxd4 16. Qxd4 Bb5 17. Qb4 Qd7 18. Nd4 Bd3 19. Rad1 a5 20. Qa3 Be4 21. c4 Rc8 22. cxd5 Bxd5 23. Qxa5 Bxc5 24. Nb3 b6 25. Qd2 Kf8 26. Be5 Qa4 27. Qh6+ Ke7 28. Qxh5 Qxa2 0-1

[Event "TUR Cup"]
[Site "Antalya"]
[Date "2017.02.01"]
[Round "7"]
[White "Karaokcu, Erkin"]
[Black "Kitir, Ahmet"]
[Result "1-0"]
[WhiteElo "2161"]
[BlackElo "1626"]
[PlyCount "88"]
[EventDate "2017.01.28"]
[EventType "swiss"]
[EventRounds "11"]
[EventCountry "TUR"]
[SourceTitle "CBM 176 Extra"]
[Source "ChessBase"]
[SourceDate "2017.03.02"]
[SourceVersion "1"]
[SourceVersionDate "2017.03.02"]
[SourceQuality "1"]

1. c4 e6 2. e4 d5 3. exd5 exd5 4. cxd5 Nf6 5. Bb5+ Bd7 6. Bc4 b5 7. Bb3 a5 8. a3 Bg4 9. f3 Bf5 10. Qe2+ Qe7 11. d4 a4 12. Ba2 Bxb1 13. Rxb1 Na6 14. Kf2 Qxe2+ 15. Nxe2 0-0-0 16. Bg5 Be7 17. Bxf6 Bxf6 18. Rhd1 Kd7 19. Rbc1 Be7 20. Bb1 Rb8 21. Bf5+ Kd8 22. Rc6 Rb6 23. Rxb6 cxb6 24. Rc1 Nc7 25. Rc6 g6 26. Bh3 f5 27. d6 Kd7 28. Rxc7+ Kxd6 29. Rb7 Bd8 30. Nc3 Kc6 31. Rf7 Bg5 32. f4 Bxf4 33. g3 Bc1 34. Bg2+ Kd6 35. Nxb5+ Ke6 36. Rc7 Bxb2 37. Rc2 Bxa3 38. Nxa3 Rd8 39. Rc4 b5 40. Nxb5 Rb8 41. Bc6 Rb6 42. d5+ Ke5 43. Rxa4 g5 44. Ra7 f4 1-0

[Event "TUR-chT2"]
[Site "Konya"]
[Date "2015.07.30"]
[Round "8.4"]
[White "Yazici, Ugur Doga"]
[Black "Kitir, Ahmet"]
[Result "1-0"]
[WhiteElo "1967"]
[BlackElo "1879"]
[PlyCount "123"]
[EventDate "2015.07.25"]
[EventType "team-swiss"]
[EventRounds "9"]
[EventCountry "TUR"]
[SourceTitle "CBM 167 Extra"]
[Source "ChessBase"]
[SourceDate "2015.09.14"]
[SourceVersion "1"]
[SourceVersionDate "2015.09.14"]
[SourceQuality "1"]
[WhiteTeam "Ankara Ego"]
[BlackTeam "Istanbul Darussafaka"]
[WhiteTeamCountry "TUR"]
[BlackTeamCountry "TUR"]

1. e4 c5 2. Nf3 g6 3. d4 Bg7 4. dxc5 Qa5+ 5. c3 Qxc5 6. Na3 Nf6 7. Bd3 0-0 8. Nb5 Ng4 9. 0-0 Nc6 10. h3 Nge5 11. Be3 Nxf3+ 12. Qxf3 Qe5 13. Bf4 Qf6 14. Qe3 Ne5 15. Bg5 Qb6 16. Qxb6 axb6 17. Be2 f6 18. Be3 Ra4 19. b4 f5 20. f4 Nc6 21. Bc4+ e6 22. e5 g5 23. g3 gxf4 24. gxf4 Kh8 25. Nd6 h6 26. Kh1 Rg8 27. Rg1 b5 28. Bb3 Ra8 29. Rg2 Bf8 30. Rxg8+ Kxg8 31. Rg1+ Kh7 32. Ne8 Ne7 33. Bc5 b6 34. Nf6+ Kh8 35. Bxe7 Bb7+ 36. Kh2 Bxe7 37. Nxd7 Bd5 38. Nxb6 Rb8 39. Nxd5 exd5 40. Bxd5 Rc8 41. Rg3 Bh4 42. Rg6 Be1 43. Rxh6+ Kg7 44. Rc6 Rd8 45. Rc5 Bd2 46. Kg3 Be1+ 47. Kf3 Rh8 48. Rc7+ Kg6 49. Bf7+ Kg7 50. Bc4+ Kg6 51. Bf1 Ra8 52. Bxb5 Rxa2 53. Be8+ Kh6 54. e6 Ra3 55. Ke2 Bxc3 56. Rxc3 Rxc3 57. Bd7 Rc4 58. Kd3 Rc7 59. Kd4 Rb7 60. Kc5 Rc7+ 61. Kd6 Rc4 62. e7 1-0

[Event "TUR-chT2"]
[Site "Konya"]
[Date "2015.07.28"]
[Round "5.6"]
[White "Kitir, Ahmet"]
[Black "Cakin, Ahmet Burak"]
[Result "1-0"]
[WhiteElo "1879"]
[BlackElo "1576"]
[PlyCount "50"]
[EventDate "2015.07.25"]
[EventType "team-swiss"]
[EventRounds "9"]
[EventCountry "TUR"]
[SourceTitle "CBM 167 Extra"]
[Source "ChessBase"]
[SourceDate "2015.09.14"]
[SourceVersion "1"]
[SourceVersionDate "2015.09.14"]
[SourceQuality "1"]
[WhiteTeam "Istanbul Darussafaka"]
[BlackTeam "Gaziantep Sader"]
[WhiteTeamCountry "TUR"]
[BlackTeamCountry "TUR"]

1. e4 c5 2. Nf3 g6 3. c3 d5 4. exd5 Qxd5 5. d4 Bf5 6. Na3 Nc6 7. Be3 cxd4 8. Nb5 Rc8 9. Nbxd4 Be4 10. Nxc6 bxc6 11. Qxd5 Bxd5 12. Bxa7 Ra8 13. Bd4 Nf6 14. a4 Rg8 15. Be2 Nd7 16. c4 c5 17. cxd5 cxd4 18. 0-0 Bg7 19. Bb5 Kd8 20. b4 d3 21. Ra3 Nb6 22. Bc6 Kc7 23. Bxa8 Rxa8 24. a5 Nxd5 25. Rc1+ Kb7 1-0

[Event "Manavgat Turkey Cup"]
[Site "Manavgat"]
[Date "2015.02.01"]
[Round "2"]
[White "Kitir, Ahmet"]
[Black "Arat, Yagiz"]
[Result "1-0"]
[WhiteElo "1849"]
[BlackElo "1795"]
[PlyCount "79"]
[EventDate "2015.01.31"]
[EventType "swiss"]
[EventRounds "11"]
[EventCountry "TUR"]
[SourceTitle "CBM 164 Extra"]
[Source "ChessBase"]
[SourceDate "2015.03.02"]
[SourceVersion "1"]
[SourceVersionDate "2015.03.02"]
[SourceQuality "1"]

1. e4 c6 2. d4 d5 3. Nc3 dxe4 4. Nxe4 Bf5 5. Ng3 Bg6 6. h4 h6 7. Nf3 Nd7 8. h5 Bh7 9. Bd3 Bxd3 10. Qxd3 e6 11. Bf4 Ngf6 12. Ne4 Nxe4 13. Qxe4 Nf6 14. Qe2 Bd6 15. Ne5 Nd5 16. Bd2 Qc7 17. 0-0-0 0-0-0 18. Kb1 Kb8 19. c4 Nf6 20. Bc3 Rhe8 21. f4 Qe7 22. Rhe1 Nd7 23. Qg4 f5 24. Nxd7+ Rxd7 25. Qf3 Bb4 26. d5 Bxc3 27. Rxe6 Qd8 28. Rxe8 Qxe8 29. bxc3 Kc7 30. Kc2 cxd5 31. cxd5 Rd6 32. c4 Ra6 33. a3 Qa4+ 34. Qb3 Qe8 35. Qd3 Qa4+ 36. Kb2 Rb6+ 37. Ka2 Kd6 38. Re1 Rb4 39. Qc3 b6 40. Qxb4+ 1-0

[Event "Wch U20 52nd"]
[Site "Kocaeli"]
[Date "2013.09.26"]
[Round "13"]
[White "Akhmetov, Ayan"]
[Black "Kitir, Ahmet"]
[Result "1/2-1/2"]
[WhiteElo "2382"]
[BlackElo "1866"]
[PlyCount "115"]
[EventDate "2013.09.13"]
[EventType "swiss"]
[EventRounds "13"]
[EventCountry "TUR"]
[SourceTitle "CBM 156 Extra"]
[Source "ChessBase"]
[SourceDate "2013.10.22"]
[SourceVersion "1"]
[SourceVersionDate "2013.10.22"]
[SourceQuality "1"]

1. c4 Nf6 2. g3 e6 3. Bg2 d5 4. Nf3 c6 5. Qc2 Be7 6. 0-0 0-0 7. b3 dxc4 8. Qxc4 Qd5 9. Qc2 Na6 10. Bb2 Nb4 11. Qc1 Qh5 12. d3 Nd7 13. Nbd2 e5 14. Nc4 f6 15. a3 Nd5 16. e4 N5b6 17. d4 Nxc4 18. Qxc4+ Kh8 19. dxe5 Nxe5 20. Nxe5 fxe5 21. Qc3 Bf6 22. Rad1 Bh3 23. Bxh3 Qxh3 24. Qb4 Rf7 25. Qd6 Re8 26. Bxe5 Qh5 27. Bd4 Be7 28. Qe6 Rf3 29. Qc4 Bxa3 30. e5 Be7 31. Ba1 Ref8 32. Rd7 Rxf2 33. Rxf2 Rxf2 34. Kxf2 Qf5+ 35. Ke2 Qxd7 36. e6 Qd5 37. Qxd5 cxd5 38. Kd3 Kg8 39. Be5 Kf8 40. Kd4 Bf6 41. Bxf6 gxf6 42. Kxd5 Ke7 43. g4 a5 44. Kc5 Kxe6 45. Kb6 h5 46. h3 hxg4 47. hxg4 Kd6 48. Kxb7 Kc5 49. Ka6 Kb4 50. Kb6 Kxb3 51. Kxa5 Kc4 52. Kb6 Kd5 53. Kc7 Ke6 54. Kd8 Kf7 55. Kd7 Kg6 56. Ke6 Kg5 57. Kf7 Kxg4 58. Kxf6 1/2-1/2

[Event "Wch U20 52nd"]
[Site "Kocaeli"]
[Date "2013.09.15"]
[Round "3"]
[White "Kitir, Ahmet"]
[Black "Tomazini, Zan"]
[Result "1/2-1/2"]
[WhiteElo "1866"]
[BlackElo "2277"]
[PlyCount "115"]
[EventDate "2013.09.13"]
[EventType "swiss"]
[EventRounds "13"]
[EventCountry "TUR"]
[SourceTitle "CBM 156 Extra"]
[Source "ChessBase"]
[SourceDate "2013.10.22"]
[SourceVersion "1"]
[SourceVersionDate "2013.10.22"]
[SourceQuality "1"]

1. e4 c5 2. Nf3 d6 3. d4 cxd4 4. Nxd4 Nf6 5. Nc3 g6 6. Be3 a6 7. f3 Nbd7 8. a4 b6 9. Be2 Bb7 10. a5 b5 11. Nb3 Bg7 12. Qd2 Rc8 13. 0-0 0-0 14. Rad1 Qc7 15. Rfe1 Nc5 16. Bd4 Nxb3 17. cxb3 Qxa5 18. Nd5 Qd8 19. Nxf6+ Bxf6 20. Bxf6 exf6 21. Qxd6 Qxd6 22. Rxd6 Rc2 23. Bd1 Rxb2 24. Re2 Rxe2 25. Bxe2 Kg7 26. Kf2 Re8 27. Ke1 Re7 28. Kd2 Rc7 29. b4 Bc8 30. g3 Ra7 31. Kc3 Be6 32. h4 Kf8 33. Kd4 Ke7 34. Kc5 Bc4 35. Rd2 Rc7+ 36. Kb6 Rd7 37. Rxd7+ Kxd7 38. Bd1 Ke6 39. f4 f5 40. e5 Kd5 41. Bf3+ Kd4 42. Kxa6 Ke3 43. Bc6 Kf2 44. Bxb5 Bd5 45. Kb6 Kxg3 46. Kc5 Be4 47. Bc4 Kxf4 48. Kd4 h5 49. Bxf7 g5 50. hxg5 Kxg5 51. Bc4 h4 52. Bf1 Kg6 53. b5 Kf7 54. b6 Kg7 55. Ke3 Kf7 56. Bb5 Ke6 57. Kf4 h3 58. Bc4+ 1/2-1/2

[Event "Kesan op 11th"]
[Site "Edirne"]
[Date "2013.08.28"]
[Round "3"]
[White "Demiroglu, Arsen"]
[Black "Kitir, Ahmet"]
[Result "0-1"]
[WhiteElo "1530"]
[BlackElo "1862"]
[PlyCount "108"]
[EventDate "2013.08.26"]
[EventType "swiss"]
[EventRounds "9"]
[EventCountry "TUR"]
[SourceTitle "CBM 156 Extra"]
[Source "ChessBase"]
[SourceDate "2013.10.22"]
[SourceVersion "1"]
[SourceVersionDate "2013.10.22"]
[SourceQuality "1"]

1. e4 c5 2. Nf3 Nc6 3. d4 cxd4 4. Nxd4 Qb6 5. Nxc6 dxc6 6. Nc3 e5 7. Bd3 Nf6 8. 0-0 Be7 9. b3 0-0 10. Bb2 Bg4 11. Qd2 Qc7 12. h3 Bc8 13. Ne2 Nh5 14. Rad1 f6 15. Qe3 Be6 16. Qf3 g6 17. Qe3 b6 18. Kh1 Bc5 19. Qh6 Rf7 20. g4 Nf4 21. Nxf4 exf4 22. f3 b5 23. e5 Bf8 24. Qxf4 Bg7 25. Qe3 fxe5 26. Rde1 Raf8 27. Bxe5 Bxe5 28. Qxe5 Qxe5 29. Rxe5 Bd5 30. Be4 Bxe4 31. Rxe4 Rxf3 32. Rxf3 Rxf3 33. Kg2 Rc3 34. Re2 g5 35. Rd2 a5 36. Kh2 Kf7 37. Re2 Kf6 38. Kg2 h6 39. Kh2 c5 40. Kg2 a4 41. Kh2 c4 42. Rd2 Ke6 43. Re2+ Kd5 44. Rf2 Kc5 45. Re2 Kb4 46. bxa4 Kxa4 47. Re6 Rxc2+ 48. Kg3 Rxa2 49. Rxh6 c3 50. h4 c2 51. Rc6 gxh4+ 52. Kxh4 Kb3 53. g5 Ra4+ 54. Kh5 Rc4 0-1

[Event "Kesan op 11th"]
[Site "Edirne"]
[Date "2013.08.28"]
[Round "4"]
[White "Kitir, Ahmet"]
[Black "Erden, Kadir"]
[Result "0-1"]
[WhiteElo "1862"]
[BlackElo "2213"]
[PlyCount "72"]
[EventDate "2013.08.26"]
[EventType "swiss"]
[EventRounds "9"]
[EventCountry "TUR"]
[SourceTitle "CBM 156 Extra"]
[Source "ChessBase"]
[SourceDate "2013.10.22"]
[SourceVersion "1"]
[SourceVersionDate "2013.10.22"]
[SourceQuality "1"]

1. e4 g6 2. d4 Bg7 3. h4 c5 4. d5 h5 5. Nc3 d6 6. Nh3 Nf6 7. Be2 Na6 8. Ng5 Nc7 9. Bf4 Nd7 10. g4 hxg4 11. Bxg4 Ne5 12. Be2 Rb8 13. h5 b5 14. Rg1 b4 15. Nb1 Nb5 16. hxg6 fxg6 17. Bxb5+ Rxb5 18. Ne6 Bxe6 19. dxe6 Qc8 20. Bxe5 Bxe5 21. Rxg6 Kd8 22. a4 Rb8 23. Qf3 Bxb2 24. Ra2 Be5 25. Nd2 Bc3 26. Ke2 Kc7 27. Nc4 Qa6 28. Qd3 Bd4 29. Rg5 Rh3 30. Ne3 Qxd3+ 31. Kxd3 b3 32. cxb3 Rxb3+ 33. Kc4 Bxe3 34. fxe3 Rhxe3 35. Rd2 Rb4+ 36. Kd5 Rexe4 0-1